Osobné údaje, aktuálne nariadenie Európskeho parlamentu
Nariadenie EP a Rady EÚ č. 2016/679 o ochrane fyzických osôb pri spracúvaní osobných údajov a o voľnom pohybe takýchto údajov. Pojem osobné údaje, informačný systém, prevádzkovateľ. Právo dotknutej osoby na prístup k údajom.
Gespeichert in:
| 1. Verfasser: | |
|---|---|
| Format: | Buchkapitel |
| Sprache: | Slowakisch |
| Schlagworte: | |
| Tags: |
Keine Tags, Fügen Sie das erste Tag hinzu!
|
MARC
| LEADER | 00000naa a2200000 4500 | ||
|---|---|---|---|
| 001 | 0237887 | ||
| 005 | 20171214125727.1 | ||
| 041 | 0 | |a slo | |
| 044 | |a SK | ||
| 245 | 1 | 0 | |a Osobné údaje, aktuálne nariadenie Európskeho parlamentu |c Ladislav Hrtánek |
| 520 | |a Nariadenie EP a Rady EÚ č. 2016/679 o ochrane fyzických osôb pri spracúvaní osobných údajov a o voľnom pohybe takýchto údajov. Pojem osobné údaje, informačný systém, prevádzkovateľ. Právo dotknutej osoby na prístup k údajom. | ||
| 610 | 2 | 0 | |a ochrana údajov osobných |
| 610 | 2 | 0 | |a Európsky parlament |
| 610 | 2 | 0 | |a Rada Európskej únie |
| 610 | 2 | 0 | |a smernice |
| 100 | 1 | |a Hrtánek, Ladislav | |